Caricamento...

Interpretation of carbon 13 NMR spectra

Dettagli Bibliografici
Autore principale: Wehrli , F . W
Lingua:English
Pubblicazione: London Wiley 1989
Soggetti:
LEADER 00335nam a22001337a 4500
005 20160323130458.0
008 100531t xxu||||| |||| 00| 0 eng d
100 |a Wehrli , F . W  |9 5030 
245 |a Interpretation of carbon 13 NMR spectra 
300 |a 484p. 
653 |a carbon 
942 |c BK  |6 _ 
260 |a London  |b Wiley  |c 1989 
999 |c 158581  |d 158581